<?xml version="1.0" encoding="UTF-8"?><?xml-stylesheet type="text/xsl" href="static/style.xsl"?><OAI-PMH xmlns="http://www.openarchives.org/OAI/2.0/" xmlns:xsi="http://www.w3.org/2001/XMLSchema-instance" xsi:schemaLocation="http://www.openarchives.org/OAI/2.0/ http://www.openarchives.org/OAI/2.0/OAI-PMH.xsd"><responseDate>2026-04-29T02:37:33Z</responseDate><request verb="GetRecord" identifier="oai:repisalud.isciii.es:20.500.12105/15755" metadataPrefix="marc">https://repisalud.isciii.es/rest/oai/request</request><GetRecord><record><header><identifier>oai:repisalud.isciii.es:20.500.12105/15755</identifier><datestamp>2024-09-27T08:30:22Z</datestamp><setSpec>com_20.500.12105_19604</setSpec><setSpec>com_20.500.12105_2051</setSpec><setSpec>col_20.500.12105_19605</setSpec></header><metadata><record xmlns="http://www.loc.gov/MARC21/slim" xmlns:dcterms="http://purl.org/dc/terms/" xmlns:doc="http://www.lyncode.com/xoai" xmlns:xsi="http://www.w3.org/2001/XMLSchema-instance" xsi:schemaLocation="http://www.loc.gov/MARC21/slim http://www.loc.gov/standards/marcxml/schema/MARC21slim.xsd">
   <leader>00925njm 22002777a 4500</leader>
   <datafield ind2=" " ind1=" " tag="042">
      <subfield code="a">dc</subfield>
   </datafield>
   <datafield ind2=" " ind1=" " tag="720">
      <subfield code="a">Laveriano-Santos, Emily P</subfield>
      <subfield code="e">author</subfield>
   </datafield>
   <datafield ind2=" " ind1=" " tag="720">
      <subfield code="a">Arancibia-Riveros, Camila</subfield>
      <subfield code="e">author</subfield>
   </datafield>
   <datafield ind2=" " ind1=" " tag="720">
      <subfield code="a">Tresserra-Rimbau, Anna</subfield>
      <subfield code="e">author</subfield>
   </datafield>
   <datafield ind2=" " ind1=" " tag="720">
      <subfield code="a">Castro-Barquero, Sara</subfield>
      <subfield code="e">author</subfield>
   </datafield>
   <datafield ind2=" " ind1=" " tag="720">
      <subfield code="a">Ruiz-León, Ana María</subfield>
      <subfield code="e">author</subfield>
   </datafield>
   <datafield ind2=" " ind1=" " tag="720">
      <subfield code="a">Estruch, Ramón</subfield>
      <subfield code="e">author</subfield>
   </datafield>
   <datafield ind2=" " ind1=" " tag="720">
      <subfield code="a">Casas, Rosa</subfield>
      <subfield code="e">author</subfield>
   </datafield>
   <datafield ind2=" " ind1=" " tag="720">
      <subfield code="a">Bodega, Patricia</subfield>
      <subfield code="e">author</subfield>
   </datafield>
   <datafield ind2=" " ind1=" " tag="720">
      <subfield code="a">de Miguel, Mercedes</subfield>
      <subfield code="e">author</subfield>
   </datafield>
   <datafield ind2=" " ind1=" " tag="720">
      <subfield code="a">de Cos-Gandoy, Amaya</subfield>
      <subfield code="e">author</subfield>
   </datafield>
   <datafield ind2=" " ind1=" " tag="720">
      <subfield code="a">Martínez-Gómez, Jesús</subfield>
      <subfield code="e">author</subfield>
   </datafield>
   <datafield ind2=" " ind1=" " tag="720">
      <subfield code="a">Rodríguez, Carla</subfield>
      <subfield code="e">author</subfield>
   </datafield>
   <datafield ind2=" " ind1=" " tag="720">
      <subfield code="a">Santos-Beneit, Gloria</subfield>
      <subfield code="e">author</subfield>
   </datafield>
   <datafield ind2=" " ind1=" " tag="720">
      <subfield code="a">Fernández-Alvira, Juan M</subfield>
      <subfield code="e">author</subfield>
   </datafield>
   <datafield ind2=" " ind1=" " tag="720">
      <subfield code="a">Fernández-Jiménez, Rodrigo</subfield>
      <subfield code="e">author</subfield>
   </datafield>
   <datafield ind2=" " ind1=" " tag="720">
      <subfield code="a">Lamuela-Raventós, Rosa M</subfield>
      <subfield code="e">author</subfield>
   </datafield>
   <datafield ind2=" " ind1=" " tag="260">
      <subfield code="c">2022</subfield>
   </datafield>
   <datafield ind2=" " ind1=" " tag="520">
      <subfield code="a">Cocoa-based products are a good source of flavonoids, which may have beneficial effects on metabolic health.&#xd;
The aim of this study is to assess the relationship between flavonoids from cocoa-based products and adiposity parameters in adolescents.&#xd;
A cross-sectional study was conducted involving 944 adolescents aged 11-14 years enrolled in the SI! Program for Secondary Schools trial in Spain with available baseline data from food frequency questionnaires and anthropometric measurements [weight, height, waist circumference (WC), and fat mass percentage (% FM) by bioimpedance analysis]. Fat mass index (FMI) and waist-to-height ratio (WHtR) were obtained by dividing fat mass by height and WC by height, respectively. Body mass index (BMI), WC, and FMI for age and gender z-score were calculated. Overweight/obesity was defined as BMI ≥ 85th percentile and excess adiposity as %FM or FMI ≥ 75th percentile. WC ≥ 90th percentile and WHtR with a 0.5 threshold were considered as criteria of abdominal obesity. Multilevel mixed-effect regressions were used to evaluate the association between flavonoids from cocoa-based products and adiposity parameters. Municipalities and schools were considered random effects.&#xd;
Participants with a higher flavonoid intake from cocoa-based products had lower WC z-score [B = -0.04, 95% CI (-0.07; -0.01), P-for trend = 0.045] and WHtR [B = -0.01, 95% CI (-0.02; -0.01), P- for trend &lt; 0.001]. They also had lower probability of having abdominal obesity [OR 0.66, 95% CI (0.52; 0.85), P- for trend = 0.001]. Inverse associations were observed between flavonoids from cocoa powder and BMI z-score [B = -0.08, 95% CI (-0.12; -0.05), P &lt; 0.001], WC z-score [B = -0.06, 95% CI (-0.11; -0.02), P = 0.003], WHtR [B = -0.01, 95% CI (-0.01; -0.00), P &lt; 0.001], %FM [B = -1.11, 95% CI (-1.48; -0.75), P &lt; 0.001], and FMI z-score [B = -0.18, 95% CI (-0.20; -0.17), P &lt; 0.001]. Regarding dark chocolate, an inverse association only with WC z-score [B = -0.06, 95% CI (-0.08; -0.05), P &lt; 0.001] was found. However, no association was observed between flavonoids from milk chocolate intake and anthropometric parameters.&#xd;
A higher intake of flavonoids from cocoa-based products was associated with lower adiposity parameters and a lower probability of presenting abdominal obesity.</subfield>
   </datafield>
   <datafield ind1="8" ind2=" " tag="024">
      <subfield code="a">Front Nutr. 2022 Jul 6;9:931171</subfield>
   </datafield>
   <datafield ind1="8" ind2=" " tag="024">
      <subfield code="a">2296-861X</subfield>
   </datafield>
   <datafield ind1="8" ind2=" " tag="024">
      <subfield code="a">http://hdl.handle.net/20.500.12105/15755</subfield>
   </datafield>
   <datafield ind1="8" ind2=" " tag="024">
      <subfield code="a">35873437</subfield>
   </datafield>
   <datafield ind1="8" ind2=" " tag="024">
      <subfield code="a">10.3389/fnut.2022.931171</subfield>
   </datafield>
   <datafield ind1="8" ind2=" " tag="024">
      <subfield code="a">Frontiers in nutrition</subfield>
   </datafield>
   <datafield ind2="0" ind1="0" tag="245">
      <subfield code="a">Flavonoid Intake From Cocoa-Based Products and Adiposity Parameters in Adolescents in Spain.</subfield>
   </datafield>
</record></metadata></record></GetRecord></OAI-PMH>